<?xml version="1.0" encoding="UTF-8"?>
<record
    xmlns:xsi="http://www.w3.org/2001/XMLSchema-instance"
    xsi:schemaLocation="http://www.loc.gov/MARC21/slim http://www.loc.gov/standards/marcxml/schema/MARC21slim.xsd"
    xmlns="http://www.loc.gov/MARC21/slim">

  <leader>00526nam a22001457a 4500</leader>
  <controlfield tag="005">20260422094832.0</controlfield>
  <controlfield tag="008">260422b        |||||||| |||| 00| 0 eng d</controlfield>
  <datafield tag="050" ind1=" " ind2=" ">
    <subfield code="a">RES HF 5548.32 .M45 2017</subfield>
    <subfield code="b">C. 1</subfield>
  </datafield>
  <datafield tag="100" ind1=" " ind2=" ">
    <subfield code="a">MEKENYE BENARD ABUYA</subfield>
  </datafield>
  <datafield tag="245" ind1=" " ind2=" ">
    <subfield code="a">AN ASSESSMENT OF THE ROLES OF ELECTRONIC PROCUREMENT PERFORMANCE IN BUSINESS IN TEA MANUFACTURING COMPANIES IN KENYA</subfield>
    <subfield code="b">A CASE STUDY OF NYANKOBA TEA FACTORY IN KEROKA</subfield>
  </datafield>
  <datafield tag="260" ind1=" " ind2=" ">
    <subfield code="a">KISII</subfield>
    <subfield code="b">KSU</subfield>
    <subfield code="c">2017</subfield>
  </datafield>
  <datafield tag="300" ind1=" " ind2=" ">
    <subfield code="a">X, 30P,ILL.</subfield>
  </datafield>
  <datafield tag="500" ind1=" " ind2=" ">
    <subfield code="a">INCLUDES REFERENCES</subfield>
  </datafield>
  <datafield tag="942" ind1=" " ind2=" ">
    <subfield code="2">lcc</subfield>
    <subfield code="c">REF</subfield>
  </datafield>
  <datafield tag="999" ind1=" " ind2=" ">
    <subfield code="c">217044</subfield>
    <subfield code="d">217044</subfield>
  </datafield>
  <datafield tag="952" ind1=" " ind2=" ">
    <subfield code="0">0</subfield>
    <subfield code="1">0</subfield>
    <subfield code="2">lcc</subfield>
    <subfield code="4">0</subfield>
    <subfield code="6">RES H E F  05548.00032 .M00045 02017</subfield>
    <subfield code="7">0</subfield>
    <subfield code="8">SC</subfield>
    <subfield code="9">377247</subfield>
    <subfield code="a">KSUL</subfield>
    <subfield code="b">KSUL</subfield>
    <subfield code="c">DISPLAY</subfield>
    <subfield code="d">2026-04-22</subfield>
    <subfield code="i">095188</subfield>
    <subfield code="l">0</subfield>
    <subfield code="o">RES HEF 5548.32 .M45 2017</subfield>
    <subfield code="p">043171</subfield>
    <subfield code="r">2026-04-22 09:50:41</subfield>
    <subfield code="t">C.1</subfield>
    <subfield code="w">2026-04-22</subfield>
    <subfield code="y">REF</subfield>
  </datafield>
</record>
